Muscle development and growth

Sparad:
Bibliografiska uppgifter
Materialtyp: Bok
Språk:Undetermined
Publicerad: San Diego, CA Academic Press 2001
Ämnen:
Taggar: Lägg till en tagg
Inga taggar, Lägg till första taggen!
Thư viện lưu trữ: Trung tâm Học liệu Trường Đại học Cần Thơ
LEADER 00466nam a2200181Ia 4500
001 CTU_68145
008 210402s9999 xx 000 0 und d
020 |b 82 
082 |a 639.3 
082 |b M985 
245 0 |a Muscle development and growth 
245 0 |c Edited by Ian A. Johnston 
260 |a San Diego, CA 
260 |b Academic Press 
260 |c 2001 
650 |a Fish-culture 
904 |i Minh 
980 |a Trung tâm Học liệu Trường Đại học Cần Thơ